Diffusion and Ecological problems: (Record no. 6212)

MARC details
000 -LEADER
fixed length control field 00577nam a22002057a 4500
003 - CONTROL NUMBER IDENTIFIER
control field OSt
005 - DATE AND TIME OF LATEST TRANSACTION
control field 20190813103049.0
008 - FIXED-LENGTH DATA ELEMENTS--GENERAL INFORMATION
fixed length control field 190813b ||||| |||| 00| 0 eng d
020 ## - INTERNATIONAL STANDARD BOOK NUMBER
International Standard Book Number 9780387986760
040 ## - CATALOGING SOURCE
Transcribing agency DDC
082 ## - DEWEY DECIMAL CLASSIFICATION NUMBER
Classification number 577OKU 2001.
100 ## - MAIN ENTRY--PERSONAL NAME
Personal name Okubo,Akira;Levin,A.Simon;
9 (RLIN) 12792
245 ## - TITLE STATEMENT
Title Diffusion and Ecological problems:
Remainder of title Modern Perspectives.
250 ## - EDITION STATEMENT
Edition statement 2nd ed.
260 ## - PUBLICATION, DISTRIBUTION, ETC. (IMPRINT)
Place of publication, distribution, etc. New York.
Name of publisher, distributor, etc. Springer.
Date of publication, distribution, etc. 2001
300 ## - PHYSICAL DESCRIPTION
Extent xx,467p;
Other physical details ill,
Dimensions 24cm.
504 ## - BIBLIOGRAPHY, ETC. NOTE
Bibliography, etc includes references and index.
650 ## - SUBJECT ADDED ENTRY--TOPICAL TERM
Topical term or geographic name as entry element Mathematical Biology
9 (RLIN) 3936
942 ## - ADDED ENTRY ELEMENTS (KOHA)
Source of classification or shelving scheme Dewey Decimal Classification
Koha item type Open Shelf
Holdings
Withdrawn status Lost status Source of classification or shelving scheme Damaged status Not for loan Home library Current library Date acquired Source of acquisition Inventory number Total Checkouts Full call number Barcode Date last seen Price effective from Koha item type
    Dewey Decimal Classification     MUST Main Library MUST Main Library 13/08/2019 Purchase 12/35850   577OKU 2001. 2019-0045 13/08/2019 13/08/2019 Open Shelf
    Dewey Decimal Classification     MUST Main Library MUST Main Library 13/08/2019 Purchase 12/35851   577OKU 2001. 2019-0046 13/08/2019 13/08/2019 Open Shelf
    Dewey Decimal Classification     MUST Main Library MUST Main Library 13/08/2019 Purchase 13/37307   577OKU 2001. 2019-0047 13/08/2019   Open Shelf
    Dewey Decimal Classification     MUST Main Library MUST Main Library 13/08/2019 Purchase 12/35848   577OKU 2001. 2019-0048 13/08/2019   Open Shelf
    Dewey Decimal Classification     MUST Main Library MUST Main Library 23/08/2021 Purchase 12/35852   577OKU 2001. 2021-0672 23/08/2021 23/08/2021 Open Shelf
    Dewey Decimal Classification     MUST Main Library MUST Main Library 08/09/2021 Purchase 12/35849   577OKU 2001. 2021-0980 08/09/2021 08/09/2021 Open Shelf